01519nam a22001577a 4500003000900000005001700009008004100026040001300067100005800080245006100138250000600199260002200205300001800227490002400245520109200269IT-RoPau20220918175937.0130108b xxu||||| |||| 00| 0 eng d cIT-RoPau aAlberione [James] GiacomoqFondatore Famiglia Paolina aExplanation of the Constitutions Directory.bFirst Draft aI aBostonbFSPc1976 a236 p.c14 cm aSt. Paul EditionvI a CONTENTS Purpose of the Congregation General Purpose Special Purpose Members - Religious Habit - Order of Precedence Admission Aspirancy and Postulancy Noviceship Religious Profession Departure from the Congregation Obedience Chastity Poverty Obbligation to tend towards Perfection and Religious Observance Charity towards God Charity towards our Neighbor Piety Confession Communion Holy Mass Meditation Hour of Adoration Monthly of Retreat Annual Retreat Examination of Coscience Various Observance Silence Cloister Relations with Outsiders Schedule Formation Novitate Juniorate Novitate of Perfection Study The Apostolate Writing Technical Means Propagations and Diffusion Different Ways of Diffusion Care of Health and of Sick Sisters Government Government in General General Chapter Vicar General General Council Secretaty General Bursar General Canonical Visitation The Houses and their Government One Houses Government of the Houses Obligations of the Superiors The Constitutions